| 000 | 00796nam a22002177a 4500 | ||
|---|---|---|---|
| 003 | BPGM | ||
| 005 | 20260627224028.0 | ||
| 008 | 260627e2009 mx ad||gr|||| 001 0 spa d | ||
| 020 | _a978-607-95243-3-3 | ||
| 040 |
_aBPGM _bspa |
||
| 041 |
_aSPA _hSPA |
||
| 100 |
_aGOBIERNO DEL ESTADO DE QUERETARO _eAUTOR |
||
| 245 |
_aINVENTARIO DE LAS CAPILLAS FAMILIARES OTOMI-CHICHIMECAS _bEN EL ESPACIO CULTURAL "LUGARES DE MEMORIA Y TRADICIONES VIVAS DE LOS PUEBLOS OTOMI-CHICHIMECA DE TOLIMAN" LA PEÑA DE BERNAL, |
||
| 260 |
_aQUERETARO _bGOBIERNO DEL ESTADO DE QUERETARO _c2009 |
||
| 300 |
_a350 _c30 cm x 22 cm |
||
| 336 |
_2rdacontent _atexto _btxt |
||
| 337 |
_2rdamedia _asin mediación _bn |
||
| 338 |
_2rdacarrier _avolumen _bnc |
||
| 650 | _aTECNOLOGIA (CIENCIAS APLICADAS) | ||
| 942 |
_2ddc _cCOLQ |
||
| 999 |
_c68700 _d68700 |
||